000 00304nam a22001337a 4500
008 180919b xxu||||| |||| 00| 0 eng d
020 _a9780632036622
041 _aeng
080 _a541
100 _a12
101 _aKIM
245 _aGenetics of Bacterial Virulence
_cDorman, Ch. J
942 _2udc
_cBK
999 _c48084
_d48084